00845nam a22002177a 4500003000400000005001700004008004100021022001300062040001800075082001400093110003500107245006600142260005600208300001600264440006800280440002300348440003900371650006600410650007600476650007500552OSt20240720112058.0240720b ||||| |||| 00| 0 eng d a22499040 cAIMIT LIBRARY a658bMANA aInstitute of Public Enterprise aIPE journal of :bmanagement /cBy IPE journal of management. aHyderabad ,bInstitute of Enterprise ,c2015, 2016. bHBc23.5 cm aIPE journal of management.vVol.5 No.1-2/2015/ Vol.6 No.1/2016. vVol.8 No.1-2/2018. vVol.6 No.2/2016/ Vol.7 No.1-2/2017 aGreen bonds: country experiences challenges and opportunities aE-tailling at bottom of the pyramid : analysing the factor for success  aInclusive vs exclusive approach to talent management : a review agenda